The cat on the mat is flat / (Record no. 9221)
[ view plain ]
| 000 -LEADER | |
|---|---|
| fixed length control field | 01326cam a22003617a 4500 |
| 001 - CONTROL NUMBER | |
| control field | 15505209 |
| 003 - CONTROL NUMBER IDENTIFIER | |
| control field | SISC |
| 005 - DATE AND TIME OF LATEST TRANSACTION | |
| control field | 20160302100544.0 |
| 008 - FIXED-LENGTH DATA ELEMENTS--GENERAL INFORMATION | |
| fixed length control field | 081030s2007 nyua j 000 1 eng d |
| 010 ## - LIBRARY OF CONGRESS CONTROL NUMBER | |
| LC control number | 2008300735 |
| 020 ## - INTERNATIONAL STANDARD BOOK NUMBER | |
| International Standard Book Number | 9780312367879 |
| 020 ## - INTERNATIONAL STANDARD BOOK NUMBER | |
| International Standard Book Number | 0312367872 |
| 035 ## - SYSTEM CONTROL NUMBER | |
| System control number | (OCoLC)ocn144227353 |
| 040 ## - CATALOGING SOURCE | |
| Original cataloging agency | BTCTA |
| Transcribing agency | BTCTA |
| Modifying agency | BAKER |
| -- | KRL |
| -- | IEF |
| -- | YDXCP |
| -- | OCLCQ |
| -- | UUC |
| -- | AU@ |
| -- | DLC |
| 042 ## - AUTHENTICATION CODE | |
| Authentication code | lccopycat |
| 050 00 - LIBRARY OF CONGRESS CALL NUMBER | |
| Classification number | PZ 8.3 |
| Item number | .G878 2006 |
| 082 00 - DEWEY DECIMAL CLASSIFICATION NUMBER | |
| Classification number | HS 823.3 |
| Item number | G87 2006 |
| 100 1# - MAIN ENTRY--PERSONAL NAME | |
| Personal name | Griffiths, Andy |
| Dates associated with a name | 1961- |
| 9 (RLIN) | 12855 |
| 245 14 - TITLE STATEMENT | |
| Title | The cat on the mat is flat / |
| Statement of responsibility, etc | Andy Griffiths. |
| 250 ## - EDITION STATEMENT | |
| Edition statement | 1st U.S. ed. |
| 260 ## - PUBLICATION, DISTRIBUTION, ETC. (IMPRINT) | |
| Place of publication, distribution, etc | New York : |
| Name of publisher, distributor, etc | Feiwel & Friends, |
| Date of publication, distribution, etc | c2007. |
| 300 ## - PHYSICAL DESCRIPTION | |
| Extent | 166 p. : |
| Other physical details | ill. ; |
| Dimensions | 22 cm. |
| 650 #7 - SUBJECT ADDED ENTRY--TOPICAL TERM | |
| Topical term or geographic name as entry element | Animals |
| Form subdivision | Fiction. |
| Source of heading or term | sears |
| 9 (RLIN) | 12856 |
| 650 #7 - SUBJECT ADDED ENTRY--TOPICAL TERM | |
| Topical term or geographic name as entry element | Humorous fiction. |
| Source of heading or term | sears |
| 9 (RLIN) | 12857 |
| 650 #7 - SUBJECT ADDED ENTRY--TOPICAL TERM | |
| Topical term or geographic name as entry element | Stories in rhyme. |
| Source of heading or term | sears |
| 9 (RLIN) | 5554 |
| 700 1# - ADDED ENTRY--PERSONAL NAME | |
| Personal name | Denton, Terry. |
| 9 (RLIN) | 12858 |
| 856 42 - ELECTRONIC LOCATION AND ACCESS | |
| Materials specified | Contributor biographical information |
| Uniform Resource Identifier | <a href="http://www.loc.gov/catdir/enhancements/fy0903/2008300735-b.html">http://www.loc.gov/catdir/enhancements/fy0903/2008300735-b.html</a> |
| 856 42 - ELECTRONIC LOCATION AND ACCESS | |
| Materials specified | Publisher description |
| Uniform Resource Identifier | <a href="http://www.loc.gov/catdir/enhancements/fy0903/2008300735-d.html">http://www.loc.gov/catdir/enhancements/fy0903/2008300735-d.html</a> |
| 906 ## - LOCAL DATA ELEMENT F, LDF (RLIN) | |
| a | 7 |
| b | cbc |
| c | copycat |
| d | 2 |
| e | ncip |
| f | 20 |
| g | y-gencatlg |
| 942 ## - ADDED ENTRY ELEMENTS (KOHA) | |
| Source of classification or shelving scheme | Library of Congress Classification |
| Koha item type | Books |
| Withdrawn status | Lost status | Source of classification or shelving scheme | Damaged status | Home library | Current library | Shelving location | Date acquired | Total Checkouts | Full call number | Barcode | Date last seen | Copy number | Price effective from | Koha item type |
|---|---|---|---|---|---|---|---|---|---|---|---|---|---|---|
| Library of Congress Classification | Luxembourg Library | Luxembourg Library | High School Section | 08/23/2013 | PZ 8.3 .G878 2006 | 16661 | 03/02/2016 | 1 | 08/23/2013 | Books |